Faerûn Deities By Hint - Statistics

General Stats
  • This quiz has been taken 3 times
  • The average score is 12 of 33
Answer Stats
Hint Answer % Correct
Overgod Ao
100%
God of tyrannical oppression, terror, and hate Bane
100%
Queen of Spiders Lolth
100%
Goddess of the moon Selûne
100%
Goddess of darkness and the night Shar
100%
Goddess of elemental air, speed, and flying creatures Akadi
50%
Deity of indulgence and a patron of oppression and power. Asmodeus
50%
Goddess of life and bounty Chauntea
50%
(drow) Goddess of beauty, song, dance, freedom, moonlight, swordwork, and hunting Eilistraee
50%
God of craft, smithing, and inventiveness Gond
50%
Deity of hunting, stalking, bloodlust, and bestial savagery Malar
50%
God of shadows, thievery (and formerly intrigue) Mask
50%
Goddess of forests and forest creatures Mielikki
50%
(the second incarnation of) The goddess of magic Mystra
50%
Celtic and Faerunian power of wild nature Silvanus
50%
Deity of storms and destruction Talos
50%
Goddess of good luck Tymora
50%
God of law and justice Tyr
50%
Deity of wealth and trade Waukeen
50%
Deity of arcane magic Azuth
0%
God of lies, trickery and strife Cyric
0%
God of guardians and protectors, worshiped by guards and paladins Helm
0%
Deity of endurance, martyrdom, perseverance, and suffering Ilmater
0%
God of death and the dead Kelemvor
0%
God of elemental fire and purification through fire Kossuth
0%
God of birth, renewal, spring and youth, as well as athletics, self-perfection, vitality and creativity. Lathander
0%
God of inspiration, invention, and knowledge Oghma
0%
Deity of travel, exploration (and more recently portals) Shaundakul
0%
Goddess of beauty and passion Sune
0%
God of war Tempus
0%
Deity of paladins and the god of duty, loyalty, righteousness, obedience and after the Spellplague, law and valor Torm
0%
Sea goddess Umberlee
0%
God of physical strength Uthgar
0%
No matching quizzes found
Score Distribution
Percent of People with Each Score
Percentile by Number Answered
Your Score History
You have not taken this quiz